| 000 | 01293nam a2200337 i 4500 | ||
|---|---|---|---|
| 001 | 175585 | ||
| 003 | ES-MaACL | ||
| 005 | 20240421063029.0 | ||
| 007 | t| | ||
| 008 | 101110s1969 sp r ||||1| spa d | ||
| 017 |
_aM 23109-1969 _bOficina Depósito Legal Madrid |
||
| 040 | _cES-MaACL | ||
| 080 | _a238.1 | ||
| 100 | 1 |
_aDhanis, Édouard _9143869 |
|
| 245 | 1 | 0 |
_aLas correcciones al Catecismo holandés / _ctexto redactado por E. Dhanis, J. Visser y H.J. Fortmann ; prólogo de Laureano Castán Lacoma ; complementos a la edición española por Cándido Pozo. |
| 260 |
_aMadrid : _b[La Editorial Católica], _c1969. |
||
| 300 |
_aXXXI, 226 páginas ; _c18 cm. |
||
| 490 | 1 |
_aBiblioteca de autores cristianos. Ediciones de bolsillo ; _v10 |
|
| 500 | _aÍndice | ||
| 630 | 0 | 4 |
_aNieuwe Katechismus. _9166154 |
| 655 | 7 |
_2tgfbne _9234608 _aCatecismos |
|
| 700 | 0 |
_aVisser, J. _9143870 _eaut |
|
| 700 | 1 |
_aFortmann, H. J. _9143871 _eaut |
|
| 700 | 0 |
_aCastán Lacoma, Laureano. _936388 _eaui |
|
| 700 | 0 |
_aPozo, Cándido. _993534 _eaut |
|
| 830 | 0 |
_aBiblioteca de autores cristianos. Ediciones de bolsillo ; _v10 _9182549 |
|
| 852 |
_aES-MaACL _cDEPO2 _dOlim P-1255 _jE-13477 |
||
| 942 |
_cMONOGRAFIA _n0 |
||
| 999 |
_c175585 _d175585 |
||